Claus Offe and the late democratic state theory / by Antonio J. Porras Nadales
Descripción Física:
55 p. ; 21 cm
Materias:
Offe, Claus -- Crítica i interpretació
MARC
| LEADER | 00000nam a2200000Ia 4500 | ||
|---|---|---|---|
| 001 | 16383 | ||
| 008 | 160829s1990 xx 000 0 cat d | ||
| 080 | |a M-5-16 | ||
| 100 | |a Porras Nadales, Antonio J. |9 25285 | ||
| 245 | |a Claus Offe and the late democratic state theory / by Antonio J. Porras Nadales | ||
| 260 | |a Barcelona : |b Institut de Ciències Polítiques i Socials, |c 1990 | ||
| 300 | |a 55 p. ; |c 21 cm | ||
| 490 | |a Working papers / Institut de Ciències Polítiques i Socials ; 16 | ||
| 590 | |a Bibliografia | ||
| 650 | |a Offe, Claus |x Crítica i interpretació |9 25286 | ||
| 710 | 2 | |a Institut de Ciències Polítiques i Socials (Barcelona, Catalunya) |9 55871 | |
| 901 | |a Arxiu | ||
| 942 | |n 1 | ||
| 952 | |0 0 |1 0 |4 0 |6 M516 |7 1 |9 43535 |a Arxiu |b Arxiu |d 2016-12-01 |l 0 |o M-5-16 |p 16383 |r 2016-12-01 00:00:00 |w 2016-12-01 |y ARXIU | ||
| 999 | |c 46081 |d 46081 | ||